Missing Word: TV Shows with 'S' Quiz Stats

 Plays Quiz Updated Dec 14, 2014

Score 0/16 Timer 02:00
4 Plays Today
Television Show Missing Word % Correct
Buffy the Vampire ______Slayer
98%
21 Jump ______Street
97.4%
Are You _______ Than a 5th Grader?Smarter
96.3%
C.S.I.: Crime _____ InvestigationScene
96.1%
_______, the Teenage WitchSabrina
94.7%
8 ______ RulesSimple
88.1%
Laverne and _______Shirley
83.3%
Wife ____Swap
78.6%
Television Show Missing Word % Correct
_____ ParkSouth
75.6%
The Jerry ________ ShowSpringer
70%
Win Ben _______ MoneyStein's
63%
Supermarket _____Sweep
54%
Alias ______ and JonesSmith
51.6%
Evening _____ Shade
33.9%
________ Who?Samantha
33%
Love, ______Sidney
5.4%

Today's Daily Dose

Missing Word
TV Shows in Movies

Word Ladder
Birds of Prey

Quick Pick
Hot Drinks Only

You're not logged in!

Compare scores with friends on all Sporcle quizzes.
OR
Log In

Show Comments

Extras

Top Quizzes Today


Score Distribution

Your Account Isn't Verified!

In order to create a playlist on Sporcle, you need to verify the email address you used during registration. Go to your Sporcle Settings to finish the process.

Report this User

Report this user for behavior that violates our Community Guidelines.

Details: